Exercises in marketing : projects and case studies /
Enregistré dans:
| Auteur principal: | |
|---|---|
| Autres auteurs: | , |
| Format: | Livre |
| Publié: |
London:
Cassell,
c1975.
|
| Sujets: | |
| Tags: |
Ajouter un tag
Pas de tags, Soyez le premier à ajouter un tag!
|
MARC
| LEADER | 00000nam a22000007a 4500 | ||
|---|---|---|---|
| 005 | 20251010093833.0 | ||
| 020 | |a 0304293334 |c TZS 79/= | ||
| 040 | |a MCCL |b eng. |e AACR 2nd rev. ed. | ||
| 082 | |a 658.83 BUU | ||
| 100 | |a Buurman, Richard H | ||
| 245 | |a Exercises in marketing : |b projects and case studies / |c R. H. Buurman, Edward Jenner and Susan Knight. | ||
| 260 | |a London: |b Cassell, |c c1975. | ||
| 300 | |a xii, 196p.: |b ill.; |c 23cm. | ||
| 546 | |a eng. | ||
| 650 | |a Marketing | ||
| 700 | |a Jenner, Edward | ||
| 700 | |a Knight, Susan | ||
| 942 | |c BK | ||
| 999 | |c 12441 |d 12441 | ||